ბათუმის შოთა რუსთაველის სახელმწიფო უნივერსიტეტის ბიბლიოთეკა

Workbook for Illustrated Dental Embryology, Histology, and Anatomy / (ბიბ.ჩანაწერი № 61741)

000 -LEADER
fixed length control field 00856nam a22002297a 4500
005 - DATE AND TIME OF LATEST TRANSACTION
control field 20240425171739.0
008 - FIXED-LENGTH DATA ELEMENTS--GENERAL INFORMATION
fixed length control field 240425s2006 enk||||| |||| 00| 0 eng d
020 ## - INTERNATIONAL STANDARD BOOK NUMBER
International Standard Book Number 9781416034711x
041 ## - LANGUAGE CODE
Language code of text/sound track or separate title eng
080 ## - UNIVERSAL DECIMAL CLASSIFICATION NUMBER
Universal Decimal Classification number 616.31 B-18
100 ## - MAIN ENTRY--PERSONAL NAME
Personal name Bath-Balogh, Mary
9 (RLIN) 21944
245 ## - TITLE STATEMENT
Title Workbook for Illustrated Dental Embryology, Histology, and Anatomy /
Statement of responsibility, etc. Mary Bath-Balogh, Margaret J. Fehrenbach.
250 ## - EDITION STATEMENT
Edition statement 2nd Edition
264 ## - PRODUCTION, PUBLICATION, DISTRIBUTION, MANUFACTURE, AND COPYRIGHT NOTICE
Place of production, publication, distribution, manufacture St. Louis :
Name of producer, publisher, distributor, manufacturer Elsevier ‎Saunders,
Date of production, publication, distribution, manufacture, or copyright notice 2006.
300 ## - PHYSICAL DESCRIPTION
Extent 204 p.:
Other physical details ill. ;
Dimensions 27 cm.
653 ## - INDEX TERM--UNCONTROLLED
keyword სტომატოლოგიური ემბრიოლოგი
653 ## - INDEX TERM--UNCONTROLLED
keyword ჰისტოლოგია
653 ## - INDEX TERM--UNCONTROLLED
keyword კბილის ანატომია
653 ## - INDEX TERM--UNCONTROLLED
keyword მედიცინა
700 ## - ADDED ENTRY--PERSONAL NAME
Personal name Fehrenbach, Margaret J.
Relator term ავტორი
9 (RLIN) 21945
942 ## - ADDED ENTRY ELEMENTS (KOHA)
Source of classification or shelving scheme
Koha item type წიგნი
ეგზემპლარები
Withdrawn status Lost status Source of classification or shelving scheme Damaged status Not for loan Permanent Location Current Location Shelving location Date acquired Cost, normal purchase price Full call number Barcode Date last seen Copy number Price effective from Koha item type Public note
          ბათუმის შოთა რუსთაველის სახელმწიფო უნივერსიტეტის მთავარი ბიბლიოთეკა ბათუმის შოთა რუსთაველის სახელმწიფო უნივერსიტეტის მთავარი ბიბლიოთეკა წიგნსაცავი 2024-04-25 188.00 616.31 B-18 67906 2024-04-25 67906 2024-04-25 წიგნი 188 ლ.